000 00853nam a2200265Ia 4500
003 OSt
005 20220918171033.0
006 a|||||r|||| 00| 0
007 ta
008 220917b |||||||| |||| 00| 0 eng d
020 _a9781138103429 (hbk)
_cUKP 115.00
024 _a348,947
037 _b57183, 07/02/2019, Segment Book Distributors
_cTextual
040 _aARTS
_cARTS
_beng
041 _2eng
_aeng
082 _aR3xM92:g, Q8
100 _aMcCall Corey Ed.
_933418
245 0 _aBenjamin, adorno, and the experience of literature
260 _aNew York
_bRoutledge USA
_c2018
300 _avii,258p.
_ccm.
650 _aPHILOSOPHERS
700 _a Ross Nathan Ed.
_933419
942 _hR3xM92:g, Q8
_cTEXL
_2CC
999 _c137458
_d137458